[Event "GER M05-A email"]
[Site "GER email"]
[Date "2016.06.26"]
[Round "?"]
[White "Felkel, Siegfried"]
[Black "Lifanov, Vasily"]
[Result "1/2-1/2"]
[WhiteElo "2414"]
[BlackElo "2437"]
[PlyCount "39"]
[EventDate "2016.??.??"]
[EventType "tourn (corr)"]
[EventRounds "15"]
[EventCountry "GER"]
[SourceTitle "Corr 2017"]
[Source "ChessBase"]
[SourceDate "2017.09.19"]
[SourceVersion "1"]
[SourceVersionDate "2017.09.19"]
[SourceQuality "1"]

1. d4 Nf6 2. c4 e6 3. Nf3 b6 4. g3 Ba6 5. b3 d5 6. Bg2 Bb4+ 7. Bd2 Be7 8. cxd5 exd5 9. 0-0 0-0 10. Nc3 Re8 11. Ne5 Bb7 12. Rc1 Nbd7 13. Rc2 c6 14. e4 dxe4 15. Nxe4 Nxe5 16. dxe5 Nxe4 17. Bxe4 Bd6 18. Bxc6 Bxc6 19. Rxc6 Bxe5 20. Be3 1/2-1/2

[Event "GER M05-A email"]
[Site "GER email"]
[Date "2016.06.26"]
[Round "?"]
[White "Wapniewski, Kay Edgar"]
[Black "Lifanov, Vasily"]
[Result "1/2-1/2"]
[WhiteElo "2384"]
[BlackElo "2437"]
[PlyCount "55"]
[EventDate "2016.??.??"]
[EventType "tourn (corr)"]
[EventRounds "15"]
[EventCountry "GER"]
[SourceTitle "Corr 2017"]
[Source "ChessBase"]
[SourceDate "2017.09.19"]
[SourceVersion "1"]
[SourceVersionDate "2017.09.19"]
[SourceQuality "1"]

1. d4 Nf6 2. c4 e6 3. Nf3 b6 4. g3 Ba6 5. b3 Bb4+ 6. Bd2 Be7 7. Bg2 d5 8. cxd5 exd5 9. 0-0 Bb7 10. Nc3 0-0 11. Qc2 Na6 12. Rfd1 Re8 13. Bf4 c6 14. a3 Nc7 15. Ng5 Bd6 16. Bxd6 Qxd6 17. e3 Ne6 18. Nxe6 Qxe6 19. Rdc1 Qd6 20. b4 Ba6 21. Nb1 Rac8 22. Nd2 Rc7 23. Qb2 Bd3 24. a4 h6 25. Nf3 Be4 26. a5 Nd7 27. axb6 axb6 28. Nd2 1/2-1/2